Statistics for High Fashion

Click here to take the quiz!

General Stats

  • This quiz has been taken 769 times
  • The average score is 5 of 12

Answer Stats

HintAnswer% Correct
Polo. Do you really need any more hint than that?Ralph Lauren
83%
Monogrammed bags (even men know this one!)Louis Vuitton
79%
I'm very well known, I am also Italian, I am VERY pricey, and my first name is Gianni.Versace
78%
I am a fashion designer, my dad is famous, and I'm known for my sexy feminine clothes line.Stella McCartney
51%
My line is known mostly for shoes/heels. (Bless you!!)Jimmy Choo
47%
Probably the most infamous duo in fashion; Italian clothing and fragrances.Dolce and Gabbana
41%
From around the block, I helped create and design Kate Middletons fairy tale wedding dress.Alexander McQueen
35%
"What do I wear in bed? Why, _______ __. _, of course."Chanel No. 5
28%
Thousands of girls have one of these purses...main colors being brown and white.Coach
21%
Not clothing, but cosmetics. This line is associated with purple and produces the "All Nighter" setting spray.Urban Decay
20%
My artistic dresses are very sought after for the red carpet.Marc Jacobs
15%
I am an eccentric designer; I love colors and wacky things. Do you have one of my bling watches?Betsey Johnson
9%

Score Distribution

Percentile by Number Answered

Percent of People with Each Score

Your Score History

You have not taken this quiz